LEADER 01141nam a2200265 u 4500 001 000000037727 003 CaOOAMICUS 005 20070226113810.0 008 980416s1941 it u000 u ita u 035 $a10790487 040 $aPUL(R)$bita 100 1 $aNuvolone, Pietro.$0(OLS)http://pul/name/11562 245 12$aL'esercizio arbitrario delle proprie ragioni come attantato al possesso dei diritti /$cPietro Nuvolone. 260 $aPadova :$bCEDAM,$c1942. 300 $a64 p. ;$c26 cm 500 $aEstratto dalla Rivista italiana di diritto penale, a. XIII, n. 2-4. 504 $aBibliografia in nota. 650 4$aDiritto penale.$0(OLS)http://pul/subject/1808 850 $aPUL 852 $aPUL$W1$xDP1 Miscellanee$y10$mMiscell.A.Borettini.225$j51534$nBK-PRI$b $qStampati Miscellanee$B51534$CPULBib$Z2$F51534 $H $81 941 1 $a17 960 $aPena (diritto)$91808 960 $aPena (diritto)$91808 996 $6245$aL'esercizio arbitrario delle proprie ragioni come attantato al possesso dei diritti$9(OLS)http://pul/title/51311 996 $6260$aPadova :$bCEDAM$9(OLS)http://pul/publisher/48126 LEADER 01339nam a2200313 u 4500 001 000000074583 003 CaOOAMICUS 005 20070226122458.0 008 021211s1999 it u000 u ita u 035 $a10948259 040 $aPUL$bita 041 1 $aita$hfre 100 1 $aAriès, Philippe,$d1914-1984.$0(OLS)http://pul/name/2902 240 10$aEnfant et la vie familiale sous l'ancien regime.$lItaliano.$0(OLS)http://pul/title/97906 245 10$aPadri e figli nell'Europa medievale e moderna /$cPhilippe Ariès ; premessa di Giovanni Bollea. 260 $aBari :$bLaterza,$c1999. 300 $a491 p. ;$c21 cm 490 1 $aBiblioteca storica (Laterza) 500 $aTraduzione di Maria Garin. 650 4$aInfanzia$xVita familiare.$0(OLS)http://pul/subject/26022 650 4$aFamiglia$xEvoluzione.$0(OLS)http://pul/subject/14552 700 1 $aBollea, Giovanni.$0(OLS)http://pul/name/49457 830 0$aBiblioteca storica (Laterza).$0(OLS)http://pul/title/97908 850 $aPUL 852 $aPUL$W1$xSL Filosofia 1$y2$m92 H 37$j96180$nBK-PRI$b $qStampati$B96180$CPULBib$Z2$F96180 $H $81 941 1 $a8 961 $aINV: 89127 996 $6245$aPadri e figli nell'Europa medievale e moderna$9(OLS)http://pul/title/97907 996 $6260$aBari :$bLaterza$9(OLS)http://pul/publisher/47895